Регионална библиотека "Любен Каравелов" - Русе

Среща на Ебро (Запис номер 150974)

MARC детайли
000 -Лидер
Контролно поле с фиксирана дължина nam a22 a 4500
003 - Код на организацията, давaща контролен номер
Контролно поле BLK
005 - Дата и час на последна редакция
Контролно поле 20220131075303.0
008 - Елементи от данни с фиксирана дължина
fixed length control field 180410b bul|||||r ||||||| ||bul||
010 ## - Наследен системен номер
LC control number KNG00157329000
040 ## - Източник на каталожния запис
Идентификатор на билиотеката - собственик на записа BLK
041 ## - Код за език
Код за езика на текст/звукозапис или на отделно заглавие Български
Код за езика КДБФ Български
080 ## - УДК
Текстов определител УДК Немска литература
УДК код - определител по УДК 821.112.2
УДК определител -31
УДК - код + определител 821.112.2-31
100 1# - Редна дума - Автор
Автор Бредел, Вили
Авторска отговорност първи автор
R(LIN) 43147
139 ## - Редно поле
Редна дума Бредел, Вили
Авторски знак Бре - Б 80
245 10 - Сведения за заглавието
Заглавие Среща на Ебро
Подзаглавни данни Записки на един военен комисар
Редно поле (дума) Вили Бредел ; прев. от нем. К. Манафски.
257 ## - Страна на издаване
Страна на създаване/издаване Германия
260 ## - Област на издателските данни
Място на издаване, разпространение и проч. София
Име на издателя, разпространителя и проч. б. и.
Година на издаване 1946
Печатница София : Братя Миладинови
9 (RLIN) 441842
300 ## - Физическа характеристика
Страници 231 с.
Размери/Мащаб 19 см
380 ## - Жанр
Жанр Худож. лит.
490 ## - СЕРИИ (Колекции)
Име на серия Библиотека Знаменити романи
№: серия Г. V, кн. 4
9 (RLIN) 207191
700 1# - Други автори (авторска отговорност)
Лично име Манафски, К.
Автороска отговорност (Описва отношението между автора и произведението) прев. от нем.
9 (RLIN) 91860
852 ## - Местоположение
Форматна сигнатура Цб 14421
Фондова буква Хранилище
999 ## - СИСТЕМНИ КОНТРОЛНИ НОМЕРА
Koha biblionumber 150974
Koha biblioitemnumber 150974
942 ## - АРТИКУЛИ
Вид на библиотечния материал Книги
Скрит в OPAC Не
Периодичен библиозапис Да
944 ## - СЪЗДАВАНЕ И РЕДАКЦИЯ на ЗАПИСА
Създаване/Редакция Създаване
Дата на регистрацията/редакция 28.02.2014
Статус, дата на статуса 28.02.2014 - от С1,Р / 28.02.2014
Служител, извършил регистрацията/редакцията Правда_Бадева
944 ## - СЪЗДАВАНЕ И РЕДАКЦИЯ на ЗАПИСА
Създаване/Редакция Редакция
Дата на регистрацията/редакция 2021-07-02
Служител, извършил регистрацията/редакцията ГГГ
999 ## - СИСТЕМНИ КОНТРОЛНИ НОМЕРА
Koha biblioitemnumber 150974
999 ## - СИСТЕМНИ КОНТРОЛНИ НОМЕРА
Koha biblioitemnumber 150974
Наличности
Код за отписване Код за изгубен артикул Източник на класификационната схема Код за повреда Коз за рестрикции Код за отдаване Артикулен № Име на библиотеката - собственик Име на библиотеката, в която се намира в момента Статус (Текущо местоположение) Дата на вписване в системата Местоположение - отдел Цена в лева Инвентарен номер Систематично азбучна сигнатура Баркод Номер на екземпляра Цена в евро Служебна бележка Служебен тип на артикула
  Не е изгубен Universal Decimal Classification Не е повреден само за читалня ползва се в читалня 252283 Регионална библиотека "Любен Каравелов" Русе Регионална библиотека "Любен Каравелов" Русе Хранилище 1946-01-01 Основен фонд - ползва се само за читалня 0.53 2747/53 Цб 14421 900000068867 1 0.27 N: стар фонд Дата: 01.01.1946 Книги
Изтеглен Не е изгубен Universal Decimal Classification Не е повреден без рестрикции ползва се в читалня 252284 Регионална библиотека "Любен Каравелов" Русе Регионална библиотека "Любен Каравелов" Русе Заемна - подръчен фонд 1946-01-01 Заемна - подръчен фонд 0.00 17635 П 17635 2 0.00 N: стар фонд Дата: 01.01.1946 Книги
Изтеглен Не е изгубен Universal Decimal Classification Не е повреден без рестрикции заемане за дома 252285 Регионална библиотека "Любен Каравелов" Русе Регионална библиотека "Любен Каравелов" Русе Заемна - подръчен фонд 1946-01-01 Заемна - подръчен фонд 0.00 17635-а П 17635-а 3 0.00 N: стар фонд Дата: 01.01.1946 Книги
Изтеглен Не е изгубен Universal Decimal Classification Не е повреден без рестрикции заемане за дома 252286 Регионална библиотека "Любен Каравелов" Русе Регионална библиотека "Любен Каравелов" Русе Заемна - подръчен фонд 1946-01-01 Заемна - подръчен фонд 0.00 17635-б П 17635-б 4 0.00 N: стар фонд Дата: 01.01.1946 Книги
Vip Innovations Ltd, Rousse, Bulgaria 2025